[Event "Samara Polugaevsky Memorial 2nd"]
[Site "Samara"]
[Date "2012.07.12"]
[Round "8"]
[White "Vokarev, Sergey"]
[Black "Nakhapetiane, Pogos"]
[Result "1/2-1/2"]
[WhiteElo "2437"]
[BlackElo "2497"]
[PlyCount "57"]
[EventDate "2012.07.05"]
[EventType "swiss"]
[EventRounds "9"]
[EventCountry "RUS"]
[SourceTitle "CBM 149 Extra"]
[Source "ChessBase"]
[SourceDate "2012.08.24"]
[SourceVersion "1"]
[SourceVersionDate "2012.08.24"]
[SourceQuality "1"]

1. e4 e5 2. Nf3 Nc6 3. Bb5 a6 4. Bxc6 dxc6 5. Nc3 Bc5 6. d3 Bg4 7. h3 Bxf3 8. Qxf3 Ne7 9. Be3 Qd6 10. 0-0 0-0 11. Rad1 Bd4 12. Bxd4 Qxd4 13. Rfe1 Rad8 14. Qe3 c5 15. Ne2 Qd6 16. b3 Nc6 17. a4 Rfe8 18. Qd2 Rd7 19. Ng3 Nd4 20. Nf5 Qf6 21. Nxd4 cxd4 22. Rf1 Qf4 23. g3 Qf3 24. Rde1 Re6 25. Qe2 Qxe2 26. Rxe2 Rde7 27. Rfe1 Rd7 28. Rf1 Rde7 29. Rfe1 1/2-1/2

[Event "Samara Polugaevsky Memorial 2nd"]
[Site "Samara"]
[Date "2012.07.06"]
[Round "2"]
[White "Zhurikhin, Alexander"]
[Black "Nakhapetiane, Pogos"]
[Result "0-1"]
[WhiteElo "2240"]
[BlackElo "2497"]
[PlyCount "72"]
[EventDate "2012.07.05"]
[EventType "swiss"]
[EventRounds "9"]
[EventCountry "RUS"]
[SourceTitle "CBM 149 Extra"]
[Source "ChessBase"]
[SourceDate "2012.08.24"]
[SourceVersion "1"]
[SourceVersionDate "2012.08.24"]
[SourceQuality "1"]

1. e4 c5 2. Nf3 Nc6 3. Bb5 d6 4. 0-0 Bd7 5. Re1 Nf6 6. c3 a6 7. Bf1 Bg4 8. d4 cxd4 9. cxd4 d5 10. e5 Nd7 11. e6 Bxe6 12. Rxe6 fxe6 13. Nc3 Qb6 14. g3 g6 15. Bh3 Nd8 16. Ng5 Bg7 17. Bf4 Nf8 18. Qe2 Qxd4 19. Re1 Qc4 20. Qd2 Rc8 21. Rc1 Qb4 22. a3 Qb3 23. Nf3 Nd7 24. Nd4 Bxd4 25. Qxd4 0-0 26. Re1 Qxb2 27. Bd2 Qb6 28. Qxb6 Nxb6 29. Ne2 Nc4 30. Bb4 Ne5 31. Nd4 Nd3 32. Bxe6+ Nxe6 33. Rxe6 Rc1+ 34. Kg2 Rxf2+ 35. Kh3 Nxb4 36. axb4 Rc4 0-1

[Event "RUS-chT 19th"]
[Site "Sochi"]
[Date "2012.04.09"]
[Round "1"]
[White "Shimanov, Aleksandr"]
[Black "Nakhapetiane, Pogos"]
[Result "1-0"]
[WhiteElo "2591"]
[BlackElo "2504"]
[PlyCount "89"]
[EventDate "2012.04.09"]
[EventType "team-swiss"]
[EventRounds "7"]
[EventCountry "RUS"]
[SourceTitle "CBM 148"]
[Source "ChessBase"]
[SourceDate "2012.05.16"]
[SourceVersion "1"]
[SourceVersionDate "2012.05.16"]
[SourceQuality "1"]
[WhiteTeam "St Petersburg Chigorin CC"]
[BlackTeam "Desnogorsk Atom"]
[WhiteTeamCountry "RUS"]
[BlackTeamCountry "RUS"]

1. d4 d5 2. c4 e6 3. Nc3 Be7 4. cxd5 exd5 5. Bf4 Nf6 6. e3 0-0 7. Bd3 c5 8. Nge2 Nc6 9. dxc5 Bxc5 10. 0-0 d4 11. Na4 Bd6 12. Bxd6 Qxd6 13. Nxd4 Nxd4 14. exd4 Rd8 15. Bc4 Ng4 16. g3 Qh6 17. h4 Ne5 18. Be2 Bh3 19. Re1 Qc6 20. f3 Ng4 21. Nc3 Ne3 22. Qc1 Qg6 23. Kh2 Nc2 24. Kxh3 Nxa1 25. Qxa1 Rxd4 26. Qc1 Rad8 27. Qe3 h6 28. Rd1 Rxd1 29. Bxd1 b6 30. Bb3 Qf5+ 31. g4 Qf6 32. g5 hxg5 33. hxg5 Qf5+ 34. Kg3 Kf8 35. Ne4 Qe5+ 36. Qf4 Qxf4+ 37. Kxf4 Ke7 38. Bc4 Rd1 39. a4 Re1 40. b3 Rd1 41. Nc3 Rd7 42. Nd5+ Kd6 43. Ne3 Ke7 44. Nf5+ Kf8 45. Ke4 1-0

[Event "Izhevsk Corporation Cup-A 3rd"]
[Site "Izhevsk"]
[Date "2011.07.19"]
[Round "5"]
[White "Nakhapetiane, Pogos"]
[Black "Demianjuk, Alexander"]
[Result "1/2-1/2"]
[WhiteElo "2517"]
[BlackElo "2317"]
[PlyCount "82"]
[EventDate "2011.07.15"]
[EventType "swiss"]
[EventRounds "9"]
[EventCountry "RUS"]
[SourceTitle "CBM 143 Extra"]
[Source "ChessBase"]
[SourceDate "2011.08.29"]
[SourceVersion "1"]
[SourceVersionDate "2011.08.29"]
[SourceQuality "1"]

1. e4 e6 2. d4 d5 3. Nc3 Nf6 4. e5 Nfd7 5. f4 c5 6. Nf3 Nc6 7. Be3 cxd4 8. Nxd4 Qb6 9. a3 Bc5 10. Ncb5 Nxd4 11. Bxd4 Bxd4 12. Qxd4 Qxd4 13. Nxd4 a6 14. Bd3 Nc5 15. Kd2 Bd7 16. h4 h5 17. Rh3 g6 18. Re3 Ke7 19. b3 Rac8 20. Rg1 Rh6 21. c3 Nxd3 22. Rxd3 Rhh8 23. Rh3 Rh6 24. Nc2 a5 25. Ne3 a4 26. b4 Bb5 27. Nc2 Bc4 28. Nd4 b5 29. Nf3 Bb3 30. g4 hxg4 31. Rxg4 Bc4 32. Nd4 Rh7 33. Ke1 Rh6 34. Kf2 Rh7 35. Rg1 Kd7 36. Ke3 Bf1 37. Rf3 Rxc3+ 38. Kf2 Rxf3+ 39. Kxf3 Bd3 40. Kg4 Bf5+ 41. Kg3 Bd3 1/2-1/2

[Event "Izhevsk Corporation Cup-A 3rd"]
[Site "Izhevsk"]
[Date "2011.07.15"]
[Round "1"]
[White "Nakhapetiane, Pogos"]
[Black "Nugumanov, Bakhtiyar"]
[Result "1-0"]
[WhiteElo "2517"]
[BlackElo "2210"]
[PlyCount "105"]
[EventDate "2011.07.15"]
[EventType "swiss"]
[EventRounds "9"]
[EventCountry "RUS"]
[SourceTitle "CBM 143 Extra"]
[Source "ChessBase"]
[SourceDate "2011.08.29"]
[SourceVersion "1"]
[SourceVersionDate "2011.08.29"]
[SourceQuality "1"]

1. e4 c5 2. Nf3 d6 3. d4 cxd4 4. Nxd4 Nf6 5. Nc3 g6 6. Be3 Bg7 7. Be2 0-0 8. 0-0 Nc6 9. Nb3 Be6 10. f4 Rc8 11. Bf3 Na5 12. Nxa5 Qxa5 13. Nd5 Nxd5 14. exd5 Bf5 15. c3 Rc4 16. Qd2 Be4 17. Bxe4 Rxe4 18. Rae1 Re8 19. a3 e6 20. dxe6 R8xe6 21. Bf2 d5 22. Rxe4 dxe4 23. Rd1 Bf6 24. Be3 Qa4 25. Qd7 Qb3 26. Rd2 a5 27. Qd5 Qxd5 28. Rxd5 b6 29. Kf2 Be7 30. f5 gxf5 31. Rxf5 Kg7 32. a4 Kg6 33. g4 h6 34. Rb5 Bd8 35. Ke2 Bc7 36. h4 Bd8 37. h5+ Kg7 38. Rd5 Bf6 39. Bf4 Rc6 40. Rd6 Rc4 41. Rxb6 Rxa4 42. Bxh6+ Kxh6 43. Rxf6+ Kg7 44. g5 Ra2 45. h6+ Kg8 46. Rb6 a4 47. Ke3 a3 48. bxa3 Rxa3 49. Rc6 Ra4 50. g6 fxg6 51. Rxg6+ Kh7 52. Re6 Ra3 53. Rc6 1-0

[Event "RUS-ch rapid"]
[Site "Olginka"]
[Date "2011.04.26"]
[Round "7"]
[White "Nakhapetiane, Pogos"]
[Black "Kokarev, Dmitry"]
[Result "1-0"]
[WhiteElo "2495"]
[BlackElo "2576"]
[PlyCount "69"]
[EventDate "2011.04.25"]
[EventType "swiss (rapid)"]
[EventRounds "11"]
[EventCountry "RUS"]
[SourceTitle "CBM 141 Extra"]
[Source "ChessBase"]
[SourceDate "2011.05.03"]
[SourceVersion "1"]
[SourceVersionDate "2011.05.03"]
[SourceQuality "1"]

1. e4 d6 2. d4 Nf6 3. Nc3 c6 4. f4 Qa5 5. Bd3 e5 6. Nf3 Bg4 7. Be3 Nbd7 8. 0-0 Be7 9. Qd2 Bxf3 10. Rxf3 Ng4 11. Ne2 Qb6 12. c3 Nxe3 13. Rxe3 Bf6 14. Bc4 0-0 15. Kh1 Rad8 16. Rf1 Rfe8 17. fxe5 dxe5 18. Rg3 Kf8 19. Rxf6 gxf6 20. Rf3 Ke7 21. d5 Kd6 22. dxc6+ Kxc6 23. Bxf7 Rf8 24. Bd5+ Kc7 25. Ng3 f5 26. Nxf5 Nf6 27. c4 Nxe4 28. Qe1 Nc5 29. Qxe5+ Kc8 30. Nd6+ Kd7 31. Rxf8 Rxf8 32. Qg7+ Kxd6 33. Qxf8+ Kd7 34. Qg7+ Kd8 35. Qh8+ 1-0

[Event "RUS-ch rapid"]
[Site "Olginka"]
[Date "2011.04.25"]
[Round "6"]
[White "Nakhapetiane, Pogos"]
[Black "Rublevsky, Sergei"]
[Result "0-1"]
[WhiteElo "2495"]
[BlackElo "2678"]
[PlyCount "128"]
[EventDate "2011.04.25"]
[EventType "swiss (rapid)"]
[EventRounds "11"]
[EventCountry "RUS"]
[SourceTitle "CBM 141 Extra"]
[Source "ChessBase"]
[SourceDate "2011.05.03"]
[SourceVersion "1"]
[SourceVersionDate "2011.05.03"]
[SourceQuality "1"]

1. e4 c5 2. Nf3 e6 3. d4 cxd4 4. Nxd4 Nc6 5. Nc3 a6 6. Nxc6 bxc6 7. Bd3 d5 8. 0-0 Qc7 9. Re1 Bb7 10. Qf3 Bd6 11. h3 Nf6 12. Bg5 Bh2+ 13. Kh1 Be5 14. Qe2 h6 15. Bd2 Nd7 16. Qg4 Nf6 17. Qe2 Nd7 18. Qg4 Nf6 19. Qe2 Nd7 20. Rf1 Bf4 21. Rae1 0-0 22. a3 a5 23. Nd1 Nc5 24. e5 Bxd2 25. Qxd2 Ba6 26. f4 Ne4 27. Qe3 Qa7 28. f5 Qxe3 29. Rxe3 exf5 30. Rxf5 Nc5 31. Bxa6 Rxa6 32. b3 Ne6 33. Nb2 c5 34. Rd3 Rd8 35. Rf2 Ng5 36. Rfd2 Ne4 37. Re2 Re8 38. Na4 Rc6 39. c4 dxc4 40. Rde3 f5 41. exf6 Ng3+ 42. Rxg3 Rxe2 43. Rxg7+ Kf8 44. bxc4 Rxf6 45. Rg3 Rf5 46. Kh2 h5 47. Nb6 Re4 48. a4 h4 49. Rg4 Rff4 50. Rg5 Rf1 51. Rh5 Kg7 52. Nd7 Rxc4 53. Rxc5 Rxc5 54. Nxc5 Ra1 55. g4 Ra2+ 56. Kg1 Kf6 57. Kf1 Ke5 58. Ke1 Kd4 59. Nb3+ Ke3 60. Kd1 Rxa4 61. g5 Ra3 62. Kc2 a4 63. Nc1 Ke4 64. Ne2 Ke5 0-1

[Event "RUS-chT 18th"]
[Site "Olginka"]
[Date "2011.04.20"]
[Round "8"]
[White "Nakhapetiane, Pogos"]
[Black "Vysochin, Spartak"]
[Result "1-0"]
[WhiteElo "2495"]
[BlackElo "2526"]
[PlyCount "63"]
[EventDate "2011.04.12"]
[EventType "team-tourn"]
[EventRounds "11"]
[EventCountry "RUS"]
[SourceTitle "EXT 2020"]
[Source "ChessBase"]
[SourceDate "2019.10.17"]
[SourceVersion "1"]
[SourceVersionDate "2019.10.17"]
[SourceQuality "1"]
[WhiteTeam "Desnogorsk Atom"]
[BlackTeam "Lipetsk EGU Perspektiva"]
[WhiteTeamCountry "RUS"]
[BlackTeamCountry "RUS"]

1. e4 e6 2. d4 d5 3. Nc3 Nf6 4. e5 Nfd7 5. f4 c5 6. Nf3 Nc6 7. Be3 a6 8. Qd2 b5 9. Bd3 b4 10. Nd1 Qb6 11. Qf2 a5 12. 0-0 Ba6 13. Bxa6 Rxa6 14. c3 g6 15. Rc1 c4 16. g4 Be7 17. f5 gxf5 18. gxf5 exf5 19. Bf4 bxc3 20. bxc3 Ba3 21. Rc2 Ne7 22. Ne3 Qg6+ 23. Kh1 Qh5 24. Re2 Rg8 25. Nh4 Rb6 26. Bg3 f4 27. Bxf4 Nf8 28. Bg3 Ne6 29. Nhf5 Nxf5 30. Nxf5 Ng5 31. Qg2 Qg4 32. Ne3 1-0

[Event "RUS-chT 18th"]
[Site "Olginka"]
[Date "2011.04.12"]
[Round "1"]
[White "Nakhapetiane, Pogos"]
[Black "Zhigalko, Sergei"]
[Result "1/2-1/2"]
[WhiteElo "2495"]
[BlackElo "2680"]
[PlyCount "84"]
[EventDate "2011.04.12"]
[EventType "team-tourn"]
[EventRounds "11"]
[EventCountry "RUS"]
[SourceTitle "EXT 2020"]
[Source "ChessBase"]
[SourceDate "2019.10.17"]
[SourceVersion "1"]
[SourceVersionDate "2019.10.17"]
[SourceQuality "1"]
[WhiteTeam "Desnogorsk Atom"]
[BlackTeam "Khanty Mansiysk Yugra"]
[WhiteTeamCountry "RUS"]
[BlackTeamCountry "RUS"]

1. e4 c5 2. Nf3 d6 3. d4 cxd4 4. Nxd4 Nf6 5. Nc3 a6 6. h3 e6 7. g4 Be7 8. Be3 0-0 9. g5 Nfd7 10. Qd2 Nc6 11. f4 Nxd4 12. Qxd4 b5 13. 0-0-0 Bb7 14. Rg1 Re8 15. h4 d5 16. e5 Qc7 17. h5 Rac8 18. Qd2 Nc5 19. Kb1 d4 20. Bxd4 b4 21. Ne2 Be4 22. Ka1 Red8 23. Bg2 Bf5 24. Bf3 Qa5 25. Nc1 Rxd4 26. Qxd4 Bxc2 27. Qc4 Bxd1 28. Rxd1 g6 29. Kb1 Qb6 30. Nb3 Rb8 31. Nd4 Rd8 32. Qc2 Bf8 33. Nc6 Rc8 34. Nd4 a5 35. Qc4 Rd8 36. Nb5 Rxd1+ 37. Bxd1 Qd8 38. Kc2 Qa8 39. h6 Qg2+ 40. Be2 Qf2 41. Kd2 Na4 42. Qd4 Qxd4+ 1/2-1/2

[Event "Privolzhskogo FO-ch"]
[Site "Togliatti"]
[Date "2011.03.14"]
[Round "5"]
[White "Vlasenko, Miroslav"]
[Black "Nakhapetiane, Pogos"]
[Result "1/2-1/2"]
[WhiteElo "2354"]
[BlackElo "2495"]
[PlyCount "96"]
[EventDate "2011.03.10"]
[EventType "swiss"]
[EventRounds "9"]
[EventCountry "RUS"]
[SourceTitle "CBM 141 Extra"]
[Source "ChessBase"]
[SourceDate "2011.05.03"]
[SourceVersion "1"]
[SourceVersionDate "2011.05.03"]
[SourceQuality "1"]

1. d4 e6 2. Bf4 Nf6 3. e3 b6 4. Nd2 Bb7 5. Ngf3 Be7 6. h3 0-0 7. Bd3 d5 8. Ne5 Nbd7 9. Qf3 c5 10. c3 Rc8 11. 0-0 Nxe5 12. dxe5 Nd7 13. Qg4 g6 14. Nf3 Kg7 15. h4 h6 16. Rad1 Rg8 17. c4 Qc7 18. cxd5 Bxd5 19. e4 Bc6 20. Qg3 b5 21. Nh2 h5 22. Nf3 c4 23. Bc2 Nc5 24. Be3 b4 25. Rd6 Nb7 26. Qf4 Rh8 27. Rfd1 Rcd8 28. Ng5 Be8 29. Rxd8 Nxd8 30. Rd6 Nb7 31. Bd4 Kg8 32. Ra6 Nc5 33. Rd6 Qa5 34. Bxc5 Qxc5 35. Ba4 Qc8 36. Bxe8 Qxe8 37. Ra6 Kg7 38. Rxa7 Rf8 39. Rc7 c3 40. bxc3 Qd8 41. Rc4 Qd3 42. Rxb4 Bxb4 43. cxb4 Qb1+ 44. Kh2 Qxa2 45. b5 Qa7 46. Qf6+ Kg8 47. f4 Qf2 48. Nxe6 fxe6 1/2-1/2

[Event "Privolzhskogo FO-ch"]
[Site "Togliatti"]
[Date "2011.03.13"]
[Round "4"]
[White "Nakhapetiane, Pogos"]
[Black "Pushin, Vladimir"]
[Result "1/2-1/2"]
[WhiteElo "2495"]
[BlackElo "2393"]
[PlyCount "155"]
[EventDate "2011.03.10"]
[EventType "swiss"]
[EventRounds "9"]
[EventCountry "RUS"]
[SourceTitle "CBM 141 Extra"]
[Source "ChessBase"]
[SourceDate "2011.05.03"]
[SourceVersion "1"]
[SourceVersionDate "2011.05.03"]
[SourceQuality "1"]

1. e4 c6 2. d4 d5 3. Nc3 dxe4 4. Nxe4 Bf5 5. Ng3 Bg6 6. Nf3 Nd7 7. Bd3 e6 8. 0-0 Ngf6 9. Bf4 Nd5 10. Bg5 Be7 11. Bxe7 Qxe7 12. Re1 Bxd3 13. Qxd3 0-0 14. c4 N5f6 15. Rad1 Qb4 16. a3 Qa4 17. Nd2 Rfd8 18. Nde4 b5 19. c5 Nxe4 20. Nxe4 b4 21. b3 Qa5 22. a4 Qc7 23. Re3 Ne5 24. Qe2 Ng6 25. Nd6 Nf4 26. Qg4 Nd5 27. Rg3 g6 28. Rh3 Rxd6 29. cxd6 Qxd6 30. Qh4 h5 31. g4 Nf4 32. Re3 hxg4 33. Qxg4 Kg7 34. Re5 Nd5 35. Rde1 Rh8 36. Qg3 Nf6 37. Rd1 Nd5 38. Ree1 Qd8 39. Rd3 Rh5 40. Re5 Rh4 41. Rg5 Re4 42. Rg4 Re1+ 43. Kg2 Nf6 44. f3 Re2+ 45. Kf1 Ra2 46. Qe5 Qh8 47. h4 Qh5 48. Rf4 Qxe5 49. dxe5 Nd5 50. Rc4 Kh6 51. Rxc6 Kh5 52. Ra6 Kxh4 53. Rxa7 Nf4 54. Rd4 Kg3 55. Ke1 Kxf3 56. Rxf7 g5 57. Rd3+ Ke4 58. Rg3 Nd3+ 59. Kf1 Nxe5 60. Rf2 Ra1+ 61. Kg2 g4 62. Re2+ Kd4 63. Rd2+ Ke4 64. Re2+ Kd4 65. Rge3 Nd3 66. Kg3 Rg1+ 67. Kh4 Kc3 68. Ra2 Rd1 69. a5 Kxb3 70. Ree2 Rh1+ 71. Kxg4 Rh7 72. a6 Ra7 73. Ra5 e5 74. Kf5 Kc3 75. Re3 b3 76. Ke4 b2 77. Rb5 Kc4 78. Rxd3 1/2-1/2

[Event "Privolzhskogo FO-ch"]
[Site "Togliatti"]
[Date "2011.03.12"]
[Round "3"]
[White "Skomorokhin, Roman"]
[Black "Nakhapetiane, Pogos"]
[Result "0-1"]
[WhiteElo "2415"]
[BlackElo "2495"]
[PlyCount "106"]
[EventDate "2011.03.10"]
[EventType "swiss"]
[EventRounds "9"]
[EventCountry "RUS"]
[SourceTitle "CBM 141 Extra"]
[Source "ChessBase"]
[SourceDate "2011.05.03"]
[SourceVersion "1"]
[SourceVersionDate "2011.05.03"]
[SourceQuality "1"]

1. c4 e5 2. Nc3 Nf6 3. Nf3 Nc6 4. g3 d5 5. cxd5 Nxd5 6. Bg2 Nb6 7. 0-0 Be7 8. a3 a5 9. d3 0-0 10. Bd2 Be6 11. Na4 Nxa4 12. Qxa4 Qd7 13. Rac1 f6 14. Be3 Rfd8 15. Rfd1 Nd4 16. Qxd7 Rxd7 17. Bxd4 exd4 18. Nd2 Rb8 19. Nc4 a4 20. Bf3 Bf8 21. Re1 b5 22. Nd2 c5 23. e3 dxe3 24. Rxe3 Kf7 25. Ne4 c4 26. Be2 Rd4 27. Nc3 b4 28. axb4 Rxb4 29. dxc4 Bxc4 30. Bxc4+ Rdxc4 31. Ra1 Bc5 32. Re2 Bd4 33. Ra3 g5 34. h3 h5 35. Kf1 Be5 36. Rd2 Kg6 37. Ke2 h4 38. g4 Bf4 39. Rc2 f5 40. f3 fxg4 41. fxg4 Rc6 42. Ra1 Be5 43. Rac1 Rbc4 44. Kd3 Rd4+ 45. Ke2 Re6 46. Kf1 Rd3 47. Nxa4 Rf3+ 48. Rf2 Rxh3 49. Nc5 Rc6 50. Rcc2 Rh1+ 51. Ke2 Bd4 52. Rf5 Rh2+ 53. Kd3 Rxc2 0-1

[Event "Privolzhskogo FO-ch"]
[Site "Togliatti"]
[Date "2011.03.10"]
[Round "1"]
[White "Kniazev, Alexander V"]
[Black "Nakhapetiane, Pogos"]
[Result "0-1"]
[WhiteElo "2242"]
[BlackElo "2495"]
[PlyCount "94"]
[EventDate "2011.03.10"]
[EventType "swiss"]
[EventRounds "9"]
[EventCountry "RUS"]
[SourceTitle "CBM 141 Extra"]
[Source "ChessBase"]
[SourceDate "2011.05.03"]
[SourceVersion "1"]
[SourceVersionDate "2011.05.03"]
[SourceQuality "1"]

1. e4 c5 2. Nf3 Nc6 3. d4 cxd4 4. Nxd4 e5 5. Nb5 d6 6. c4 Be7 7. b3 Nf6 8. Bd3 0-0 9. 0-0 Be6 10. Bb2 Rc8 11. N1c3 a6 12. Na3 Nd7 13. Kh1 Bg5 14. Nc2 Nc5 15. Qe2 Qd7 16. Rad1 g6 17. Nd5 Bxd5 18. cxd5 Ne7 19. Ne3 f5 20. exf5 Nxd3 21. Rxd3 Nxf5 22. Nc4 Qd8 23. g4 Nh6 24. Ba3 Nf7 25. Bb4 Bf4 26. f3 b6 27. Qf2 a5 28. Be1 Rc5 29. Qe2 Qc7 30. Bf2 b5 31. Ne3 Rc8 32. a4 Qb7 33. Rfd1 bxa4 34. bxa4 Qb4 35. Qa2 Rc1 36. Qd2 Rxd1+ 37. Qxd1 e4 38. Rd4 Qb2 39. Rd2 Qa3 40. Qe2 Rc3 41. Ra2 Qc1+ 42. Nf1 exf3 43. Qe8+ Kg7 44. Kg1 Be5 45. h4 Qf4 46. Qd7 Rc1 47. Bb6 Qg3+ 0-1

[Event "Moscow Aeroflot op-B 10th"]
[Site "Moscow"]
[Date "2011.02.16"]
[Round "9"]
[White "Nakhapetiane, Pogos"]
[Black "Rogozenco, Dorian"]
[Result "1/2-1/2"]
[WhiteElo "2469"]
[BlackElo "2534"]
[PlyCount "102"]
[EventDate "2011.02.08"]
[EventType "swiss"]
[EventRounds "9"]
[EventCountry "RUS"]
[SourceTitle "CBM 140 Extra"]
[Source "ChessBase"]
[SourceDate "2011.03.01"]
[SourceVersion "1"]
[SourceVersionDate "2011.03.01"]
[SourceQuality "1"]

1. e4 d6 2. d4 Nf6 3. Nc3 e5 4. Nf3 Nbd7 5. Bc4 Be7 6. 0-0 0-0 7. a4 c6 8. Re1 h6 9. a5 Re8 10. h3 Rb8 11. Bb3 b5 12. axb6 axb6 13. d5 Bb7 14. Ra7 Nc5 15. dxc6 Bxc6 16. Bd5 Bxd5 17. exd5 Ra8 18. Nb5 Rxa7 19. Nxa7 Qd7 20. Nc6 b5 21. Be3 Na4 22. Qd3 e4 23. Qxb5 exf3 24. Qxa4 Bf8 25. Qc4 fxg2 26. Kxg2 Qf5 27. Qd3 Qxd3 28. cxd3 Nxd5 29. Kf3 Rc8 30. Rc1 Rc7 31. b4 Rb7 32. Bd2 f5 33. Nd4 Kf7 34. b5 g6 35. Rb1 Bg7 36. Nc6 Ke8 37. Na5 Rb8 38. Rb3 Kd7 39. Nc4 g5 40. Be3 Nxe3 41. Nxe3 Ke6 42. b6 Rb7 43. Rb5 Be5 44. Nc4 Bd4 45. Na5 Rxb6 46. Nb3 g4+ 47. hxg4 fxg4+ 48. Ke2 Bxf2 49. Kxf2 Rxb5 50. Nd4+ Ke5 51. Nxb5 Kf4 1/2-1/2

[Event "Moscow Aeroflot op-B 10th"]
[Site "Moscow"]
[Date "2011.02.11"]
[Round "4"]
[White "Gomez, John Paul"]
[Black "Nakhapetiane, Pogos"]
[Result "1-0"]
[WhiteElo "2527"]
[BlackElo "2469"]
[PlyCount "137"]
[EventDate "2011.02.08"]
[EventType "swiss"]
[EventRounds "9"]
[EventCountry "RUS"]
[SourceTitle "CBM 140 Extra"]
[Source "ChessBase"]
[SourceDate "2011.03.01"]
[SourceVersion "1"]
[SourceVersionDate "2011.03.01"]
[SourceQuality "1"]

1. d4 Nf6 2. c4 e6 3. g3 d5 4. Nf3 dxc4 5. Bg2 Nc6 6. 0-0 Rb8 7. Nc3 Bb4 8. Qa4 0-0 9. Ne5 Qxd4 10. Bf4 Qc5 11. Nxc6 bxc6 12. Bxc7 Rb7 13. Bf4 Nd5 14. Bd2 e5 15. Qc2 Bg4 16. Ne4 Qe7 17. Bc1 Nb6 18. a3 Bd6 19. Ng5 f5 20. Bxc6 Rc7 21. Bg2 Bc5 22. b4 Bd4 23. Ra2 e4 24. Kh1 Bh5 25. Nh3 Be8 26. Bg5 Qf7 27. Bf4 Ba4 28. Qc1 Rd7 29. Rd2 c3 30. Rxd4 Rxd4 31. Qxc3 Qc4 32. Qb2 Rfd8 33. Bg5 R8d7 34. Be3 R4d5 35. Nf4 Rb5 36. h4 Qc2 37. Qxc2 Bxc2 38. Ne6 Rbd5 39. Nc5 Rd8 40. Bg5 Re8 41. Bh3 Nc4 42. g4 Rd1 43. Rxd1 Bxd1 44. gxf5 Bxe2 45. f6 h6 46. Bd7 Rf8 47. Be6+ Kh8 48. Nd7 hxg5 49. Nxf8 gxf6 50. hxg5 fxg5 51. Bxc4 Bxc4 52. Kg2 Kg7 53. Nd7 Be6 54. Nc5 Bf5 55. a4 Kf6 56. a5 Ke5 57. b5 Bc8 58. a6 Bxa6 59. bxa6 Kd5 60. Nb3 Kc4 61. Nd2+ Kd3 62. Nf1 Kc4 63. Kg3 Kb5 64. Kg4 Kxa6 65. Kxg5 Kb5 66. Kf4 a5 67. Kxe4 Kc4 68. Ne3+ Kc3 69. Nd5+ 1-0

[Event "Moscow Aeroflot op-B 10th"]
[Site "Moscow"]
[Date "2011.02.10"]
[Round "3"]
[White "Nakhapetiane, Pogos"]
[Black "Laylo, Darwin"]
[Result "1/2-1/2"]
[WhiteElo "2469"]
[BlackElo "2516"]
[PlyCount "85"]
[EventDate "2011.02.08"]
[EventType "swiss"]
[EventRounds "9"]
[EventCountry "RUS"]
[SourceTitle "CBM 140 Extra"]
[Source "ChessBase"]
[SourceDate "2011.03.01"]
[SourceVersion "1"]
[SourceVersionDate "2011.03.01"]
[SourceQuality "1"]

1. e4 c5 2. Nf3 e6 3. d4 cxd4 4. Nxd4 a6 5. Nc3 Qc7 6. Bd3 Nf6 7. 0-0 d6 8. Qe2 Nbd7 9. f4 b5 10. Kh1 Bb7 11. Nf3 b4 12. Nd1 Nc5 13. Nf2 Be7 14. a3 bxa3 15. b4 Nxd3 16. cxd3 h5 17. Bxa3 d5 18. e5 Ng4 19. Nxg4 hxg4 20. Nd4 Qb6 21. Bb2 g3 22. h3 Bxb4 23. f5 Rh4 24. fxe6 fxe6 25. Qe3 Be7 26. Rab1 Bc6 27. Ba1 Bb5 28. Qxg3 g5 29. Bc3 Rc8 30. Bb4 Qxd4 31. Bxe7 Rh7 32. Rf8+ Kd7 33. Rxc8 Kxc8 34. Qxg5 Qxd3 35. Rc1+ Kb7 36. Bd6 Qe4 37. Qg3 d4 38. Kh2 Rf7 39. Rd1 Qf4 40. Qxf4 Rxf4 41. Kg3 Re4 42. Kf3 Bc6 43. Kf2 1/2-1/2

[Event "Moscow Aeroflot op-B 10th"]
[Site "Moscow"]
[Date "2011.02.09"]
[Round "2"]
[White "Gabrielian, Artur"]
[Black "Nakhapetiane, Pogos"]
[Result "0-1"]
[WhiteElo "2543"]
[BlackElo "2469"]
[PlyCount "116"]
[EventDate "2011.02.08"]
[EventType "swiss"]
[EventRounds "9"]
[EventCountry "RUS"]
[SourceTitle "CBM 140 Extra"]
[Source "ChessBase"]
[SourceDate "2011.03.01"]
[SourceVersion "1"]
[SourceVersionDate "2011.03.01"]
[SourceQuality "1"]

1. e4 c5 2. Nf3 Nc6 3. d4 cxd4 4. Nxd4 e5 5. Nb5 d6 6. N1c3 a6 7. Nd5 axb5 8. Be3 Ra4 9. Bxb5 Rxe4 10. 0-0 Be7 11. Bb6 Qd7 12. f3 Rh4 13. Qe1 Nh6 14. Nc7+ Kf8 15. Rd1 g5 16. Nd5 Nf5 17. Bf2 Rh6 18. Nb6 Qd8 19. c3 Be6 20. a4 Kg7 21. Qe4 Qc7 22. b4 Bf6 23. Bc4 Nce7 24. Rfe1 Rd8 25. a5 Bxc4 26. Qxc4 Qxc4 27. Nxc4 d5 28. b5 Ra8 29. a6 dxc4 30. axb7 Rb8 31. Rd7 Nd6 32. Rxd6 Rxb7 33. b6 e4 34. Rxe4 Bxc3 35. Rxh6 Kxh6 36. Bc5 Nd5 37. h4 Nxb6 38. Be3 Bf6 39. Rg4 Be7 40. hxg5+ Kg6 41. Bxb6 Rxb6 42. Rxc4 Bxg5 43. Kh2 h5 44. Ra4 Be7 45. Kh3 Rb1 46. Ra6+ f6 47. g3 Rb2 48. Rc6 Bd8 49. Rc1 Bb6 50. Rd1 Rf2 51. f4 Rb2 52. Ra1 Re2 53. Rb1 Ba5 54. Rb8 Re3 55. Rg8+ Kh7 56. Ra8 Be1 57. Kh4 Kg6 58. Rg8+ Kf5 0-1

[Event "Moscow op-C"]
[Site "Moscow"]
[Date "2011.02.03"]
[Round "6"]
[White "Nakhapetiane, Pogos"]
[Black "Ponkratov, Pavel"]
[Result "0-1"]
[WhiteElo "2469"]
[BlackElo "2581"]
[PlyCount "124"]
[EventDate "2011.01.29"]
[EventType "swiss"]
[EventRounds "9"]
[EventCountry "RUS"]
[SourceTitle "EXT 2012"]
[Source "ChessBase"]
[SourceDate "2011.11.24"]
[SourceVersion "1"]
[SourceVersionDate "2011.11.24"]
[SourceQuality "1"]

1. e4 e6 2. d4 d5 3. Nc3 Bb4 4. e5 c5 5. a3 Bxc3+ 6. bxc3 Qc7 7. Nf3 Ne7 8. a4 b6 9. Bb5+ Bd7 10. Bd3 Nbc6 11. 0-0 c4 12. Be2 f6 13. Bf4 Ng6 14. Bg3 f5 15. Nh4 Nge7 16. f4 0-0 17. Bf2 a5 18. Qd2 b5 19. axb5 Na7 20. g4 fxg4 21. Bxg4 Nxb5 22. Kh1 Nf5 23. Bxf5 exf5 24. Ng2 a4 25. Ne3 Be6 26. Rg1 a3 27. Ra2 Qf7 28. Be1 Rfb8 29. Bh4 Kh8 30. Rb1 Qh5 31. Bg3 h6 32. Kg2 Kh7 33. Rba1 g5 34. Rf1 Rg8 35. Rf2 Ra7 36. Nf1 Rag7 37. Ne3 Rb7 38. Rf1 Rbg7 39. Raa1 gxf4 40. Rxf4 Rg5 41. Qe1 Qg6 42. Kf1 Qe8 43. Ra2 R8g7 44. Kf2 Qh5 45. Kg2 Qg6 46. Kf1 Qe8 47. Kf2 Qd8 48. Rf3 f4 49. Rxf4 Qa5 50. Kf1 Bh3+ 51. Kg1 Be6 52. Kf1 R5g6 53. Kg1 Qxc3 54. Kf2 Ra7 55. Nd1 Qxe1+ 56. Kxe1 Rg4 57. Rf6 Re4+ 58. Kf2 Rxd4 59. Ne3 Nc3 60. Rxa3 Ne4+ 61. Kf3 Rxa3 62. Rxe6 Ng5+ 0-1